Rural settlement development in developing countries : (Record no. 13469)
[ view plain ]
| 000 -LEADER | |
|---|---|
| fixed length control field | 00780cam a22002172 4500 |
| 001 - CONTROL NUMBER | |
| control field | 0000012171 |
| 005 - DATE AND TIME OF LATEST TRANSACTION | |
| control field | 20151217155850.0 |
| 008 - FIXED-LENGTH DATA ELEMENTS--GENERAL INFORMATION | |
| fixed length control field | 090212s xx 000 0 eng d |
| 020 ## - INTERNATIONAL STANDARD BOOK NUMBER | |
| International Standard Book Number | 9211311683 |
| 040 ## - CATALOGING SOURCE | |
| Original cataloging agency | KABU |
| Transcribing agency | KABU |
| 245 10 - TITLE STATEMENT | |
| Title | Rural settlement development in developing countries : |
| Remainder of title | selected case studies / |
| Statement of responsibility, etc. | [Habitat] |
| 250 ## - EDITION STATEMENT | |
| Edition statement | 1st ed. |
| 260 ## - PUBLICATION, DISTRIBUTION, ETC. (IMPRINT) | |
| Place of publication, distribution, etc. | Nairobi : |
| Name of publisher, distributor, etc. | Habitat, |
| Date of publication, distribution, etc. | 1991. |
| 300 ## - PHYSICAL DESCRIPTION | |
| Extent | iii, 77 p. |
| 650 #0 - SUBJECT ADDED ENTRY--TOPICAL TERM | |
| Topical term or geographic name as entry element | Rural development |
| General subdivision | Case studies |
| Geographic subdivision | Developing countries. |
| -- | 0000168408 |
| 650 #0 - SUBJECT ADDED ENTRY--TOPICAL TERM | |
| Topical term or geographic name as entry element | Land settlement |
| General subdivision | Case studies |
| Geographic subdivision | Developing countries. |
| -- | 0000168409 |
| 700 1# - ADDED ENTRY--PERSONAL NAME | |
| Personal name | United Nations Centre for Human Settlements (Habitat) |
| -- | 0000168407 |
| 852 1# - LOCATION | |
| -- | p480 KES |
| 908 ## - PUT COMMAND PARAMETER (RLIN) | |
| Put command parameter | 090212 |
| 950 ## - LOCAL HOLDINGS (RLIN) | |
| -- | 1 |
| Withdrawn status | Lost status | Source of classification or shelving scheme | Not for loan | Home library | Current library | Date acquired | Total Checkouts | Full call number | Barcode | Date last seen | Price effective from | Koha item type |
|---|---|---|---|---|---|---|---|---|---|---|---|---|
| Library of Congress Classification | Kabarak, Main Campus | Kabarak, Main Campus | 17/12/2015 | HN981 .C6R87 1991 c. 1 | 16582 | 17/12/2015 | 17/12/2015 | Africana Collection |